000 00610nam a2200217Ia 4500
001 17064
003 GE_BSU
008 181216s||||||||xx |||||||||||||| ||und||
040 _cGE_BSU
080 _a821.353.1-32
100 _aასათიანი, მამია
245 _aულექსო დღე
245 _cრედ.კ.ლორთქიფანიძე
260 _aთბილისი
260 _bნაკადული
260 _c1967
300 _a39გვ. ; 16სმ.
653 _aმოთხრობა
653 _aულექსო დღე
942 _cBK
999 _c50126
_d50126